LEADER 00995nam0-2200349---450 001 990009342850403321 005 20220714092042.0 010 $a9788883380464 035 $a000934285 035 $aFED01000934285 035 $a(Aleph)000934285FED01 035 $a000934285 100 $a20110413d2008----km-y0itay50------ba 101 0 $aita 102 $aIT 105 $a--------001yy 200 1 $aStoria della zoologia napoletana$fPietro Battaglini 210 $aNapoli$cFridericiana editrice universitaria$d2008 215 $aVI, 151 p., 8 c. di tav.$cill.$d24 cm 225 1 $aFridericiana varia 610 0 $aZoologia$aNapoli$aStoria 676 $a590.92$v21$zita 700 1$aBattaglini,$bPietro$0510759 801 0$aIT$bUNINA$gRICA$2UNIMARC 901 $aBK 912 $a990009342850403321 952 $aVaria 21$b543$fFMVBC 952 $aBSF-590.9-BAT-1$bs.i.$FSC1 959 $aFMVBC 959 $aSC1 996 $aStoria della zoologia napoletana$9767274 997 $aUNINA LEADER 01747nam a2200349 i 4500 001 991003887149707536 005 20030103125200.0 008 021202s|||| fr ||| | fre 035 $ab11878484-39ule_inst 035 $aPRUMB67261$9ExL 040 $aDip.to SSSC$bita 100 1 $aCopeau, Jacques$0170983 245 10$aRegistres /$cJacques Copeau 260 $aParis :$bGallimard 300 $a4 v. ;$c21 cm. 490 0 $aPratique du theatre 505 0 $aRegistres 1.: Apples. - Paris : Gallimard, 1974. - 360 p. : ill. ; 21 cm. - Registres 2.: Moliere. - Paris : Gallimard, 1976. - 365 p. ; 21 cm. - Registres 3.: Les registres du Vieux Colombier: premiere partie - Paris : Gallimard, 1979. - 464 p. ; 21 cm. - Registres 4.: Les registres du Vieux Colombier : deuxieme partie : America. - Paris : Gallimard, 1984. - 623 p. ; 21 cm. 650 4$aCritica teatrale$xStudi 650 4$aTeatro$xStudi 740 00$aApples 740 00$aMoliere 740 40$aLes registres du Vieux Colombier 740 40$aLes registres du Vieux Colombier 84 907 $a.b11878484$b28-04-17$c07-01-03 912 $a991003887149707536 945 $aLE021 TF11BISA5$g1$iLE021N-568$lle021$nRegistres 1.$o-$pE0.00$q-$rl$s- $t0$u0$v0$w0$x0$y.i12133188$z07-01-03 945 $aLE021 TF11BISA6$g1$iLE021N-570$lle021$nRegistres 2.$o-$pE0.00$q-$rl$s- $t0$u0$v0$w0$x0$y.i1213319x$z07-01-03 945 $aLE021 TF11BISA4$g1$iLE021N-693$lle021$nRegistres 3.$o-$pE0.00$q-$rl$s- $t0$u0$v0$w0$x0$y.i12133206$z07-01-03 945 $aLE021 TF11BISA7$g1$iLE021N-693/1$lle021$nRegistres 4.$o-$pE0.00$q-$rl$s- $t0$u0$v0$w0$x0$y.i12133218$z07-01-03 996 $aRegistres$9900667 997 $aUNISALENTO 998 $ale021$b01-01-02$cm$da $e-$ffre$gfr $h0$i4 LEADER 01018nam2 2200277 i 450 001 VEA0112713 005 20241108063243.0 020 $aIT$b2000-3046 100 $a20071218d1999 ||||0itac50 ba 101 | $aita 102 $ait 181 1$6z01$ai $bxxxe 182 1$6z01$an 200 1 $a˜1: œFotografia e raccolte fotografiche 210 $aPisa$cScuola Normale Superiore$dstampa 1999 215 $a308 p., [16] c. di tav.$cill.$d24 cm. 461 1$1001VEA0112738$12001 $aPer Paolo Costantini$fa cura di Tiziana Serena$v1 606 $aFOTOGRAFIE$xCollezioni$2FIR$3NAPC066878$9I 676 $a779$9FOTOGRAFIE$v21 801 3$aIT$bIT-NA0079$c20071218 850 $aIT-BN0095 912 $aVEA0112713 950 2$aBiblioteca Centralizzata di Ateneo$bv. 1-2$cv. 1-2$d 01SALA 779 PAO$e 0104 0000008365A C (1 v. 1$fN $h20071218$i20071218 977 $a 01 996 $aFotografia e raccolte fotografiche$91026026 997 $aUNISANNIO